La cultura de la ópera en Chile: 1829-2012

Saved in:
Bibliografiske detaljer
Hovedforfatter: Cartagena Rondanelli, Nelson (Author)
Corporate Authors: Academia Chilena de la Lengua (Author), Dirección de Bibliotecas, Archivos y Museos (Author)
Format: Bog
Sprog:spansk
Udgivet: Santiago Ril Editores 2014
Udgivelse:1a. ed
Serier:Bibliodiversidad
Fag:
Tags: Tilføj Tag
Ingen Tags, Vær først til at tagge denne postø!

MARC

LEADER 00000cam a2200000 a 4500
001 UCD6050
003 CL-VaPUC
008 161111e20141100cl |||||||||||||||||spa|d
020 |a 9789560101549 
082 0 4 |a 780.983  |b CAR  |2 21 
100 0 |a Cartagena Rondanelli, Nelson  |e author  |9 589769 
110 2 |a Academia Chilena de la Lengua  |e author  |9 589770 
710 2 |a Dirección de Bibliotecas, Archivos y Museos  |e author  |9 589771 
245 1 3 |a La cultura de la ópera en Chile: 1829-2012 
250 |a 1a. ed 
300 |a 209 p 
942 |c BK 
945 |d 20161111 10:35:00  |a arojas 
260 |a Santiago  |b Ril Editores  |c 2014 
650 0 |a Ópera chilena  |9 459329 
650 0 |a Historia y crítica   |9 257407 
650 0 |a Compositores chilenos  |9 306644 
583 |a last modification  |c 20161111 10:35:00  |k Rodrigo Vera 
490 0 |a Bibliodiversidad 
999 |c 366486  |d 366484 
952 |0 0  |1 0  |3 erb  |4 0  |6 780_983000000000000_CAR_2014  |7 0  |8 R  |9 480748  |a BIBEDU  |b BIBEDU  |i 5347645  |o 780.983 CAR 2014  |p 5347645  |r 2023-01-12  |w 2019-11-24  |y BK_R  |z Catalogado en:20161111  |k MUS